Statistics for Monarchs by Picture

Click here to take the quiz!

General Stats

  • This quiz has been taken 25 times
  • The average score is 18 of 29

Answer Stats

Answer% Correct
Japan
95%
United Kingdom
95%
Vatican City
95%
Denmark
90%
Belgium
80%
Andorra
75%
Luxembourg
75%
Monaco
75%
Brunei
70%
Saudi Arabia
70%
Sweden
70%
Bhutan
65%
Jordan
65%
Netherlands
65%
Thailand
65%
Eswatini
60%
Liechtenstein
60%
Spain
60%
Cambodia
55%
Kuwait
55%
Lesotho
55%
Norway
55%
Bahrain
50%
Qatar
45%
Malaysia
40%
Oman
40%
Morocco
35%
United Arab Emirates
35%
Tonga
25%

Score Distribution

Percentile by Number Answered

Percent of People with Each Score

Your Score History

You have not taken this quiz